2025/26 National League Table - Statistics

General Stats
  • This quiz has been taken 7 times
  • The average score is 16 of 24
Answer Stats
Points W D L Club % Correct
95 29 8 9 Carlisle United
100%
106 33 7 6 Rochdale
100%
108 33 9 4 York City
100%
38 9 11 26 Morecambe
86%
82 23 13 10 Scunthorpe United
86%
90 27 9 10 Boreham Wood
71%
42 10 12 24 Brackley Town
71%
36 8 12 26 Braintree Town
71%
70 20 10 16 FC Halifax Town
71%
81 23 12 11 Forest Green Rovers
71%
68 18 14 14 Hartlepool United
71%
81 23 12 11 Southend United
71%
34 8 10 28 Truro City
71%
46 13 7 26 Aldershot Town
57%
59 15 14 17 Boston United
57%
50 13 11 22 Eastleigh
57%
50 14 8 24 Gateshead
57%
51 14 6 25 Yeovil Town
57%
57 17 6 23 Altrincham
43%
56 14 14 18 Solihull Moors
43%
47 11 14 21 Sutton United
43%
56 15 11 20 Wealdstone
43%
63 16 15 15 Woking
43%
62 17 11 18 Tamworth
29%
No matching quizzes found
Score Distribution
Percent of People with Each Score
Percentile by Number Answered
Your Score History
You have not taken this quiz